00429nmm a2200157Ia 4500008004100000020001800041041000800059100003700067245001300104264004200117300001800159650001900177856005100196942000700247999001700254251105s9999||||xx |||||||||||||||||und|| a9788498167238 aspa aQuevedo y Villegas, Francisco de 0aSueños a[Madrid, España] :bLinkgua, c2011 a122 páginas aSpanish poetry uhttps://public.digitaliapublishing.com/a/16405 cCF c91398d91398